000 00360nam a2200145Ia 4500
005 20251222142027.0
008 251222s9999||||xx |||||||||||||| ||spa||
020 _a5050018374
082 _a891.7/T68
100 _aTolstói, Alexéi
245 0 _aEl Hiperboloide del Ingeniero Garin
250 _a1ra.ed.
264 _bEditorial Ráduga, S.A.
942 _cLIB
999 _c10849
_d10849